Trzy- i czterowyrazowe nazwy polskich miast - Statystyki

Ogólne statystyki
  • Ten quiz został rozwiązany 1 951 razy
  • Średni wynik to 3 z 12
Statystyki odpowiedzi
Ilość wyrazów Miasto % Poprawnych
3 Nowy Dwór Mazowiecki
63%
3 Nowe Miasto Lubawskie
42%
3 Nowy Dwór Gdański
41%
3 Nakło nad Notecią
40%
4 Nowe Miasto nad Pilicą
40%
3 Kostrzyn nad Odrą
37%
3 Rudnik nad Sanem
17%
3 Józefów nad Wisłą
15%
3 Solec nad Wisłą
14%
3 Czerwińsk nad Wisłą
13%
3 Dobrzyń nad Wisłą
13%
3 Grabów nad Prosną
13%
Nie znaleziono quizów pasujących do podanych kryteriów
Rozkład punktacji
Procent ludzi z każdym wynikiem
Percentyl według liczby udzielonych odpowiedzi
Twoja historia wyników
Nie rozwiązałeś tego quizu